000 00516nam a2200217Ia 4500
003 OSt
005 20220823122532.0
008 210719s1997 xx 000 0 und d
040 _cAL
041 _aeng
082 _a346.07 KAPE
100 _aKAPOOR (N D)
_955213
245 _aElements of mercantile law
250 _a23
260 _aND
_bSultan Chand & Sons
_c1997
300 _axxvi,552,336
_bPB
365 _b140
_cRs
650 _aMercantile Law
_955214
906 _aCommercial law
942 _2ddc
_cBK
999 _c213327
_d213327